日本における經濟學の百年 : 慶應義塾創立百年記念(下巻)

Salvato in:
Dettagli Bibliografici
Ente Autore: 慶應義塾大学経済学会
Natura: Libro
Lingua:Undetermined
Pubblicazione: 東京 日本評論新社 1959
Soggetti:
Tags: Aggiungi Tag
Nessun Tag, puoi essere il primo ad aggiungerne! !
Thư viện lưu trữ: Trung tâm Học liệu Trường Đại học Cần Thơ
LEADER 00565nam a2200193Ia 4500
001 CTU_82511
008 210402s9999 xx 000 0 und d
082 |a 330 
082 |b K27 
110 |a 慶應義塾大学経済学会 
245 0 |a 日本における經濟學の百年 : 
245 0 |b 慶應義塾創立百年記念(下巻) 
245 0 |c 慶應義塾大学経済学会 
260 |a 東京 
260 |b 日本評論新社 
260 |c 1959 
650 |a Economics 
904 |i Ngoc. QHieu 
980 |a Trung tâm Học liệu Trường Đại học Cần Thơ